Investuje Slovensko dosť do informačných technológií ?

Vplyv informačných technológií (IT) na ekonomický rast a zamestnanosť. IT ako jedno z najdynamickejšie sa rozvíjajúcich odvetví svetovej ekonomiky. Slovensko nedosahuje veľký pokrok v porovnaní so sledovanými krajinami. Zamestnanosť v IT sektore a jej pomer k celkovej zamestnanosti v SR. IT sektor...

Descrizione completa

Salvato in:
Dettagli Bibliografici
Natura: Capitolo di libro
Lingua:slovacco
Soggetti:
Tags: Aggiungi Tag
Nessun Tag, puoi essere il primo ad aggiungerne!!

MARC

LEADER 00000naa$a2200000$$$4500
001 0025468
005 20231006120417.7
041 0 |a slo 
044 |a SK 
245 1 0 |a Investuje Slovensko dosť do informačných technológií ? 
520 |a Vplyv informačných technológií (IT) na ekonomický rast a zamestnanosť. IT ako jedno z najdynamickejšie sa rozvíjajúcich odvetví svetovej ekonomiky. Slovensko nedosahuje veľký pokrok v porovnaní so sledovanými krajinami. Zamestnanosť v IT sektore a jej pomer k celkovej zamestnanosti v SR. IT sektor u nás, prosperujúce firmy, vysoké mzdy v porovnaní s ostatnými odvetviami. Štát by mal venovať maximálnu pozornosť rozvoju infraštruktúry IT sektora vrátane investícií do vedy a techniky, ľudských zdrojov, rozšírenia prístupu na internet a iných služieb. 
610 2 0 |a technológie informačné 
610 2 0 |a investície 
610 2 0 |a Slovensko 
610 2 0 |a rast hospodársky 
610 2 0 |a zamestnanosť